000 00317nam a2200157Ia 4500
100 _aModule D4
650 _aElectrical Engineering
942 _cBK
654 _aSpinning
245 _aSpinning
260 _bE.I.T.B
_aEngland
_c1980
082 _a621.8
_bITB
300 _a84
546 _aENGLISH
999 _c30849
_d30849